The Amazing secrets of nature / (Record no. 305959)
[ view plain ]
| 000 -LEADER | |
|---|---|
| fixed length control field | 00752nam a2200253Ia 4500 |
| 008 - FIXED-LENGTH DATA ELEMENTS--GENERAL INFORMATION | |
| fixed length control field | 170203s9999 xx 000 0 und d |
| 020 ## - INTERNATIONAL STANDARD BOOK NUMBER | |
| International Standard Book Number | 9622583067 |
| 050 ## - LIBRARY OF CONGRESS CALL NUMBER | |
| Classification number | 508 |
| 050 ## - LIBRARY OF CONGRESS CALL NUMBER | |
| Item number | AM15s 2004 |
| 245 ## - TITLE STATEMENT | |
| Title | The Amazing secrets of nature / |
| 245 ## - TITLE STATEMENT | |
| Statement of responsibility, etc | editor, Sandy Shepherd. |
| 250 ## - EDITION STATEMENT | |
| Edition statement | 1st English language ed. |
| 260 ## - PUBLICATION, DISTRIBUTION, ETC. (IMPRINT) | |
| Place of publication, distribution, etc | New York : |
| 260 ## - PUBLICATION, DISTRIBUTION, ETC. (IMPRINT) | |
| Name of publisher, distributor, etc | Reader's Digest, |
| 260 ## - PUBLICATION, DISTRIBUTION, ETC. (IMPRINT) | |
| Date of publication, distribution, etc | 2004 |
| 300 ## - PHYSICAL DESCRIPTION | |
| Extent | 350 pages : |
| 300 ## - PHYSICAL DESCRIPTION | |
| Other physical details | color illustrations ; |
| 300 ## - PHYSICAL DESCRIPTION | |
| Dimensions | 28 cm. |
| 500 ## - GENERAL NOTE | |
| General note | "Original edition first published by Sélection du Reader's Digest, S.A."--T.p. verso. |
| 650 ## - SUBJECT ADDED ENTRY--TOPICAL TERM | |
| Topical term or geographic name as entry element | Natural history. |
| 650 ## - SUBJECT ADDED ENTRY--TOPICAL TERM | |
| Topical term or geographic name as entry element | Nature. |
| 700 ## - ADDED ENTRY--PERSONAL NAME | |
| Personal name | Reader's Digest Association, Corporate name. |
| 700 ## - ADDED ENTRY--PERSONAL NAME | |
| Personal name | Shephard, Sandy, Author. |
| Withdrawn status | Lost status | Damaged status | Home library | Current library | Shelving location | Date acquired | Total Checkouts | Full call number | Barcode | Date last seen | Price effective from | Koha item type |
|---|---|---|---|---|---|---|---|---|---|---|---|---|
| Stonyhurst Southville International School (Batangas) | Stonyhurst Southville International School (Batangas) | 02/03/2017 | Ref. 508 .AM15s 2004 | US- 1340 | 02/03/2017 | 02/03/2017 | Books |